| 000 | 00488nam a2200169 a 4500 | ||
|---|---|---|---|
| 001 | 000037966 | ||
| 005 | 20201002031138.0 | ||
| 008 | 091209s2008 dr 000 0 spa d | ||
| 020 | _a9993423033 | ||
| 040 |
_aDO-SdBNP _bspa _cBNPHU |
||
| 082 |
_axxx _bR426a |
||
| 245 | 0 | 0 | _aAnteproyecto de ley de partidos y agrupaciones polĂticas. |
| 260 |
_aSanto Domingo : _bCONARE, _c2008. |
||
| 300 |
_a46 p. ; _c23 cm. |
||
| 710 | 2 |
_aConsejo Nacional de Reforma del Estado _910038 |
|
| 049 | _aBNPD | ||
| 999 |
_c37456 _d37456 |
||